01675cam a22005654i 4500003000900000005001700009008004100026020001500067020001800082035002000100040003300120082001700153082001700170100003200187245011200219250001800331264004600349300005500395336002100450337002500471338002300496504003900519505024300558526001000801526001000811526001000821526001000831526001000841526000900851526000900860526000900869526000900878526000900887526000900896526000900905526000900914526000900923526000900932526000800941526000800949526000800957526000800965526000800973526000800981541001900989541001801008650002801026650002901054700002601083PE-LiUPU20250731170425.0190118s2016 ag a rb 000 0 spa d a9875916285 a9789875916289 a(Sirsi) a251390 aPE-LiUPUbspacPE-LiUPUerda04a155.424bV7304a155bU732201 aUrbano, Claudio A.,eautor.10aPsicología de desarrollo :benfoques y perspectivas del curso vital /cClaudio A. Urbano, José A. Yuni. a2o Edición. 1aBuenos Aires, Argentina :bBrujas,c2016. a203 páginas :bilustraciones ;c25 centímetros atext2rdacontent aunmediated2rdamedia avolume2rdacarrier aBibliografía: páginas 198-203.0 aEl desarrollo Humano desde la perspectiva Psicológica -- Proceso de constitución Subjetiva -- El desarrollo Psicosocial -- El desarrollo Cognotivo desde la perspectiva evolutiva -- Sujeto identidad y Desarrollo en el curso de la vida. aSEG68 aSEG70 aSEG69 aSEG67 aSEG43 aP144 aP143 aP131 aP122 aP120 aP117 aP112 aP110 aP106 aP101 aP80 aP59 aP54 aP35 aP33 aP30 gF002-00000832; g002-00001572;04aPsicología evolutiva.04aPsicología individual.1 aYuni, Jose A,eautor.